000
00376nam a2200133Ia 4500
008
151001s9999||||xx |||||||||||||| ||und||
100
_a
कर्तार सिंह दुग्गल
245
_a
सोयी हुई हिर
250
_a
1
260
_b
भारती विद्यापीठ
260
_c
2005
300
_a
179
365
_b
21
999
_c
986195
_d
986192